| 000 | 00813nam a2200229 a 4500 | ||
|---|---|---|---|
| 001 | 49280 | ||
| 003 | BD-RjUL | ||
| 005 | 20211209054647.0 | ||
| 008 | 160820n bg ||||| |||| 00| 0 ben d | ||
| 020 | _c : Tk.4.00 | ||
| 035 | _a(BD-RjUL)49399 | ||
| 040 |
_aBD-RjUL _bben _cBD-RjUL |
||
| 041 | _aben | ||
| 082 |
_223 _a891.5 _bSHR 1972 |
||
| 100 |
_aশাহজামান, মোহাম্মদ _9148053 |
||
| 245 | 1 | 0 |
_aরুবাইয়াৎ -ই- হাফিজ / _cমোহাম্মদ শাহজামান |
| 260 |
_aরাজশাহী : _bএম.এস. জামান, _c[১৯৭৬] |
||
| 300 |
_a[২], ৬৮ পৃ.; _c১৮ সেমি. |
||
| 650 |
_aইরানিয়ান সাহিত্য _9148054 |
||
| 650 |
_aIranian literatures _9148055 |
||
| 942 |
_2ddc _cBK |
||
| 999 |
_c49280 _d49280 |
||